Bach : The Organ Works : Trio Sonata Nº 2, Trio Sonata Nº 3, Trio Sonata Nº 4, Trio Sonata Nº 4, Prelude and Fugue in C Major, Prelude and Fugue in A Major /
Guardat en:
| Autor principal: | |
|---|---|
| Autor corporatiu: | |
| Format: | Audio |
| Col·lecció: | (Collectors Edition)
(Archiv Produktion) |
| Matèries: | |
| Etiquetes: |
Sense etiquetes, Sigues el primer a etiquetar aquest registre!
|
MARC
| LEADER | 00000njm^a2200000^a^4500 | ||
|---|---|---|---|
| 001 | 000189526 | ||
| 005 | 20250521000000.0 | ||
| 009 | 20260310102418.6 | ||
| 037 | |a Acervo ITESO - Biblioteca | ||
| 041 | |a SON | ||
| 082 | |a 784. 04 |b BAC JOH V. 4 | ||
| 100 | |a Bach, Johann Sebastian |e (música) | ||
| 240 | 1 | 1 | |a [Bach: The Organ Works] |
| 240 | 1 | 1 | |a [Trío sonata Nº 2, de Johann Sebastian Bach] |
| 240 | 1 | 1 | |a [Trío sonata Nº 3, de Johann Sebastian Bach] |
| 240 | 1 | 1 | |a [Trío sonata Nº 4, de Johann Sebastian Bach] |
| 240 | 1 | 1 | |a [Trío sonata Nº 5, de Johann Sebastian Bach] |
| 240 | 1 | 1 | |a [Preludio y fuga en do mayor, de Johann Sebastian Bach] |
| 240 | 1 | 1 | |a [Preludio y fuga en la mayor, de Johann Sebastian Bach] |
| 245 | 1 | 0 | |a Bach : |b The Organ Works : Trio Sonata Nº 2, Trio Sonata Nº 3, Trio Sonata Nº 4, Trio Sonata Nº 4, Prelude and Fugue in C Major, Prelude and Fugue in A Major / |c Música de J.S. Bach ; órgano tubular H. Walcha, en el órgano Silbermann de la Iglesia de Saint-Pierre-le-Jeune de Estrasburgo, Francia. |
| 264 | |a Hamburgo, Alemania : |b Deutsche Grammophon, |c c959-1964 | ||
| 300 | |a 1 disco compacto sonoro (75 min.) | ||
| 336 | |a música interpretada |b prm |2 rdacontenido | ||
| 337 | |a audio |b s |2 rdamedio | ||
| 338 | |a disco sonoro |b sd |2 rdasoporte | ||
| 440 | 1 | |a (Collectors Edition) | |
| 440 | 1 | |a (Archiv Produktion) | |
| 545 | 0 | |a Calificado por los expertos como el máximo representante de la música barroca, Johann Sebastian Bach (Eisenach, 1685 – Leipzig, 1750) nació en una familia de gran tradición musical y se formó inicialmente con su padre (violín y rudimentos de teoría) y con su hermano (teclados), para estudiar luego en la Escuela de San Miguel en Lüneburg. Muy joven fue nombrado organista y músico de cámara (1708-1717) en la corte del Duque de Saxe-Weimar, época en que compuso muchas de sus mejores obras para órgano. Después estuvo cinco años como Kapellmeister del príncipe Leopold de Anhalt Köthen, período que vio nacer los Conciertos de Brandenburgo, varios de sus conciertos para violín y numerosas sonatas. Posteriormente se estableció en Leipzig como cantor de la Escuela de Santo Tomás y compositor de la corte del Príncipe Elector de Sajonia; a esos años pertenecen el Magnificat, las tres pasiones (San Juan, San Mateo, San Marcos), los tres oratorios (Navidad, Pascua, Asunción) y múltiples cantatas, entre otros. La crítica considera que Bach hizo una síntesis magistral de las formas y estilos existentes, llevando a su esplendor las posibilidades técnicas y estéticas de la polifonía y produciendo una obra que aúna la perfección técnica con la belleza y la profundidad intelectual. Además de lo ya citado, en su extensa obra destacan también El clave bien temperado, la Fantasía cromática y fuga, la Misa en Si menor, el Clavier-Ubung, el Concierto italiano, El arte de la fuga, la Ofrenda musical y las Variaciones Goldberg. | |
| 649 | |a XX | ||
| 650 | |a Organo Tubular - |z Alemania | ||
| 650 | |a Instrumentos de Viento - |z Alemania | ||
| 650 | |a Fuga (Música) - |z Alemania | ||
| 650 | |a Preludio (Música) - |z Alemania | ||
| 650 | |a Sonata de Trío - |z Alemania | ||
| 650 | |a Música Barroca - |z Alemania | ||
| 650 | |a Música de Concierto - |z Alemania | ||
| 650 | |a Música Alemana - |y Siglo XVIII | ||
| 740 | 0 | |a Trio Sonata Nº 2 in C Minor, BWV 526 / |c Música de J.S. Bach ; órgano tubular H. Walcha, en el órgano Silbermann de la Iglesia de Saint-Pierre-le-Jeune de Estrasburgo, Francia. | |
| 740 | 0 | |a Trio Sonata Nº 3 in D Minor, BWV 527 / |c Música de J.S. Bach ; órgano tubular H. Walcha, en el órgano Silbermann de la Iglesia de Saint-Pierre-le-Jeune de Estrasburgo, Francia. | |
| 740 | 0 | |a Trio Sonata Nº 4 in E Minor, BWV 528 / |c Música de J.S. Bach ; órgano tubular H. Walcha, en el órgano Silbermann de la Iglesia de Saint-Pierre-le-Jeune de Estrasburgo, Francia. | |
| 740 | 0 | |a Trio Sonata Nº 5 in C Major, BWV 529 / |c Música de J.S. Bach ; órgano tubular H. Walcha, en el órgano Silbermann de la Iglesia de Saint-Pierre-le-Jeune de Estrasburgo, Francia. | |
| 740 | 0 | |a Prelude and Fugue in C Major, BWV 545 / |c Música de J.S. Bach ; órgano tubular H. Walcha, en el órgano Silbermann de la Iglesia de Saint-Pierre-le-Jeune de Estrasburgo, Francia. | |
| 740 | 0 | |a Prelude and Fugue in A Major, BWV 536 / |c Música de J.S. Bach ; órgano tubular H. Walcha, en el órgano Silbermann de la Iglesia de Saint-Pierre-le-Jeune de Estrasburgo, Francia. | |
| 710 | |a Walcha, Helmut |e (ejecución musical) | ||
| 910 | |a Fondo General | ||
| 920 | |a Sonoros - CDs | ||
| 940 | |a CDs de Música | ||
| 905 | |a 401 | ||
| 901 | |a 0500148479 |b IT2 |c CDM |u 20250521 | ||
| 902 | |a https://opac.biblio.iteso.mx/vufind/Record/000189526 | ||